Europäische Geschichte nach Buchstaben - Z - Statistiken

Allgemein
  • Dieses Quiz wurde 45 mal gespielt
  • Das Durchschnittsergebnis liegt bei 10 aus 20
Antwortstatistiken
Hinweis Antwort % Korrekt
Schweizer Stadt, in der Lenin mit anderen Revolutionären während des Ersten Weltkriegs im Exil lebte Zürich
98%
Verheerender Konflikt, welcher zwischen 1939 und 1945 Millionen Menschen das Leben kostete Zweiter Weltkrieg
98%
Bezeichnung russischer und bulgarischer Monarchen Zar
90%
Oberster Gott der antiken Griechen Zeus
88%
Diese Stadt war in den Jahren 1970/71 Zentrum einer großen Protestwelle für eine Dezentralisierung Jugoslawiens Zagreb
86%
Teil mittelalterlicher Burgen, mit der der Burggraben überwunden werden kann, im Verteidigungsfall aber hockgeklappt werden kann Zugbrücke
83%
Ingenieur, der den Z3, den ersten funktionsfähigen Computer der Welt entwickelte Konrad Zuse
60%
Bezeichnung für vormoderne Berufsgenossenschaften, die auch politische, religiöse, soziale und militärische Rollen hatten Zunft
50%
Abgabe, die früher für die Kirche anfiel, nach der Reformation auch für den Staat Zehnt
48%
Kommandeur einer Hundertschaft innerhalb antiker römischer Legionen Zenturio
48%
Reformator dieser Stadt, Bibelübersetzer und Vordenker des Calvinismus Huldrych Zwingli
43%
Dalmatische Stadt, welche zu Beginn des Vierten Kreuzzugs für Venedig wiedererobert wurde, was die Exkommunikation des Kreuzzugs nach sich zog Zadar
40%
In Burgund entstandener Klosterorden, der sich durch Bernhard von Clairvaux weitverbreitete und u.a. zur Gründung von Kloster Kamp führte Zisterzienser
29%
Stammesburg bzw. Geschlecht der späteren Kurfürsten von Brandenburg, Königen von Preußen und Kaisern von Deutschland Zollern
29%
Autor, der mit seinem Text "J’accuse…!" die antisemitische Falschverurteilung und Nichtbegnadigung Alfred Dreyfus' anprangerte und dadurch einen großen Skandal verursachte Emil Zola
21%
Mittelalterlicher Feldzug 1147 in die Levante, in dessen Rahmen in Europa viele Juden ermordet wurden Zweiter Kreuzzug
19%
Mächtiges schwäbisches Adelsgeschlecht im Mittelalter, gründete Städte wie Freiburg und Bern, Vorfahren des Hauses Baden Zähringer
14%
Antiker griechischer Philosoph, welcher die Schule der Stoa gründete Zenon von Kition
10%
Albanischer Politiker und von 1928 bis 1939 letzter König Albaniens, bevor das Land von Italien erobert wurde Zogu I
10%
Militärischer Anführer der Hussiten in den Hussitenkriegen, der u.a. durch Wagenburgen die Kriegsführung revolutionierte Jan Žižka
7%
Keine übereinstimmenden Quizze gefunden
Verteilung der Resultate
Anzahl Personen mit jedem Resultat
Perzentil nach korrekt beantworteten Fragen
Ihre Resultats-Entwicklung
Sie haben dieses Quiz noch nicht gespielt